header

Turkey (Record no. 66397)

MARC details
000 -LEADER
fixed length control field 01893nam a2200397 a 4500
245 00 - TITLE STATEMENT
Title Turkey
260 ## - PUBLICATION, DISTRIBUTION, ETC. (IMPRINT)
Place of publication Washington, D.C. :
Name of publisher International Monetary Fund,
Year of publication 2005.
300 ## - PHYSICAL DESCRIPTION
Number of Pages 115, 13, 2, 4, 5 p. :
Other physical details ill.
490 1# - SERIES STATEMENT
Series statement IMF country report ;
500 ## - GENERAL NOTE
General note "Prepared by a staff team of the International Monetary Fund as background documentation for the periodic consultation with this member country."
General note "November 2005."
650 #0 - SUBJECT ADDED ENTRY--TOPICAL TERM
Topical Term Monetary policy
Topical Term Debts, Public
Topical Term Fiscal policy
Topical Term Finance
Topical Term Economic assistance
856 40 - ELECTRONIC LOCATION AND ACCESS
Uniform Resource Identifier http://site.ebrary.com/lib/rucke/Doc?id=10300235

No items available.

© 2026 Rongo University
Contact us: librarian | system librarian | Rongo university